书目信息 |
| 题名: |
高等教育心理学
|
|
| 作者: | 伍新春 主编 ;教育部人事司 组编 | |
| 分册: | ||
| 出版信息: | 北京 高等教育出版社 1999.09 |
|
| 页数: | 421页 | |
| 开本: | 20cm | |
| 丛书名: | ||
| 单 册: | ||
| 中图分类: | G44 | |
| 科图分类: | 38.14 | |
| 主题词: | 高等教育-教育心理学--高等学校--教材 , 教育心理学-高等教育--高等学校--教材 , 教育心理学 | |
| 电子资源: | ||
| ISBN: | 7-04-007737-X | |
| 000 | 00824nam0 2200277 45 | |
| 001 | 0199069538 | |
| 005 | 20120407143240.92 | |
| 010 | @a7-04-007737-X@dCNY 21.50 | |
| 100 | @a20000601d1999 em y0chiy0121 ea | |
| 101 | 0 | @achi |
| 102 | @aCN@b110000 | |
| 105 | @ay z 000yy | |
| 200 | 10 | @a高等教育心理学@Agao deng jiao yu xin li xue@f伍新春主编@g教育部人事司组编 |
| 205 | @a2版(修订版) | |
| 210 | @a北京@c高等教育出版社@d1999.09 | |
| 215 | @a421页@d20cm | |
| 300 | @a高等学校教师岗前培训教材 | |
| 606 | @a高等教育-教育心理学@x高等学校@x教材 | |
| 606 | @a教育心理学-高等教育@x高等学校@x教材 | |
| 606 | 0 | @a教育心理学 |
| 690 | @aG44@v3 | |
| 692 | @a38.14@v2 | |
| 701 | 0 | @a伍新春@Awu xin chun@4主编 |
| 712 | 02 | @a教育部人事司@Ajiao yu bu ren shi si@4组编 |
| 801 | 0 | @aCN@bNLC@c19991203 |
| 905 | @dG44@eW944=2 | |
| 高等教育心理学/伍新春主编/教育部人事司组编.-2版(修订版).-北京:高等教育出版社,1999.09 |
| 421页;20cm |
| 高等学校教师岗前培训教材 |
| ISBN 7-04-007737-X:CNY 21.50 |
| ● |
| 相关链接 |
|
|
|
正题名:高等教育心理学
索取号:G44/W944=2
 
预约/预借
| 序号 | 登录号 | 条形码 | 馆藏地/架位号 | 状态 | 备注 |
| 1 | 387155 | 203871550 | 社科库409/409社科库 3排2列4层/ [索取号:G44/W944=2] | 在馆 | |
| 2 | 387156 | 203871569 | 社科库409/409社科库 3排2列4层/ [索取号:G44/W944=2] | 在馆 | |
| 3 | 387157 | 203871578 | 社科库409/409社科库 3排2列4层/ [索取号:G44/W944=2] | 在馆 | |
| 4 | 485401 | 204854014 | 土木与交通工程学院资料室/ [索取号:G44/W944=2] | 在馆 |